书目信息 |
| 题名: |
会计基础
|
|
| 作者: | 张洪军 主编 | |
| 分册: | ||
| 出版信息: | 大连 东北财经大学出版社 2006.02 |
|
| 页数: | 264页 | |
| 开本: | 21cm | |
| 丛书名: | ||
| 单 册: | ||
| 中图分类: | F230 | |
| 科图分类: | ||
| 主题词: | 会计学--kuai ji xue--考核--自学参考资料 | |
| 电子资源: | ||
| ISBN: | 7-81084-816-X | |
| 000 | 00809nam0 2200241 450 | |
| 001 | 012007365367 | |
| 005 | 20071130182727.17 | |
| 010 | @a7-81084-816-X@dCNY12.00 | |
| 100 | @a20071130d2006 km y0chi0120 ea | |
| 101 | 0 | @achi |
| 102 | @aCN@b210000 | |
| 105 | @ay z 000yy | |
| 106 | @ar | |
| 200 | 1 | @a会计基础@Akuai ji ji chu@f张洪军主编@Fzhang hong jun zhu bian |
| 210 | @a大连@c东北财经大学出版社@d2006.02 | |
| 215 | @a264页@d21cm | |
| 300 | @a山东省会计从业资格考试参考用书 | |
| 330 | @a本书内容包括会计核算的具体内容与一般要求、会计科目和帐户、复式记帐、会计凭证、会计帐簿、财务处理程序、财产清查等十章。 | |
| 606 | 0 | @a会计学@Akuai ji xue@x考核@j自学参考资料 |
| 690 | @aF230@v4 | |
| 701 | 0 | @a张洪军@Azhang hong jun@4主编 |
| 801 | 0 | @aCN@bQSSK@c20071130 |
| 905 | @b268552-54@dF230@eZ112@f3 | |
| 会计基础/张洪军主编.-大连:东北财经大学出版社,2006.02 |
| 264页;21cm |
| 山东省会计从业资格考试参考用书 |
| ISBN 7-81084-816-X:CNY12.00 |
| 本书内容包括会计核算的具体内容与一般要求、会计科目和帐户、复式记帐、会计凭证、会计帐簿、财务处理程序、财产清查等十章。 |
| ● |
| 相关链接 |
|
|
|
正题名:会计基础
索取号:F230/Z112
 
预约/预借
| 序号 | 登录号 | 条形码 | 馆藏地/架位号 | 状态 | 备注 |
| 1 | 268552 | 202685521 | 社科库409/409社科库 75排3列4层/ [索取号:F230/Z112] | 在馆 | |
| 2 | 268553 | 202685530 | 社科库409/409社科库 75排3列4层/ [索取号:F230/Z112] | 在馆 | |
| 3 | 268554 | 202685549 | 社科库409/409社科库 75排3列4层/ [索取号:F230/Z112] | 在馆 |